000 00228nam a22000857a 4500
008 160708b xxu||||| |||| 00| 0 eng d
100 _92429
_a Bayley, N, , et, al
245 _aThe Patchwork Cat
260 _aEngland
_b Puffin Book
_c1981
999 _c2103
_d2103